00959cam a2200217 a 450000100100000000500170001000800410002704000350006808200190010324501640012226000410028630000280032750000790035565100410043465100540047570000320052991000340056104900090059595201220060499900150072600000729620200929154126.0820722s1975 ru a 000 0 spa  aDO-SdBNPbspacDLCdDLCdBNPHU a947.084bH559h04aLos héroes caídos hablan :bcartas postumas de combatientes soviéticos contra los invasores fascistas alemanes, 1941-1945 /ctraducción, Manuel Puente. aMoscú, (Rusia) :bProgreso,c1975. a246 p. :bil. ;c21 cm. aAyuda para trabajar este libro consultar a Wendy, Pochet, Marisela o Mara. 4aUnión SoviéticaxHistoria920259 4aUnión SoviéticaxPolítica Y Gobierno9202601 aPuente, Manuel,etr.920261 aCatalogación por copia / LC aBNGR 001052708MOaGRbGRcCTd2009-09-07iLF1l0o947.084 H559hp7296-10r2020-06-25w2020-06-25y2ZPréstamo interno c7077d7077